000 00722nam a2200241 i 4500
001 78944
003 ES-MaACL
005 20250811095436.0
007 t|
008 041018s1982 sp ||||1| spa d
080 _a316.6
080 _a316.26
100 1 _aHeller, Agnes.
_962436
245 1 3 _aLa revolución de la vida cotidiana /
_cAgnes Heller ; [traducción de Gustau Muñoz, y otros].
250 _a[1ª ed.].
260 _a[Barcelona] :
_bPenínsula,
_c[1982]
300 _a203 p. ;
_c20 cm.
650 0 7 _aAlienación (Psicología social)
_2embne
_99723
650 4 _aSociología marxista.
_9144387
700 1 _aMuñoz, Gustau.
_984309
852 _aES-MaACL
_jL-3731
_bR.104326
999 _c78944
_d78944